| 000 | 00515nam a2200193 a 4500 | ||
|---|---|---|---|
| 001 | 2 | ||
| 003 | CDMR | ||
| 005 | 20130610115932.0 | ||
| 008 | 130130s1977||||||||||||||||||||||||||||d | ||
| 020 | _a842800613X | ||
| 040 |
_aCDMR _bcat _cCDMR |
||
| 100 | 1 |
_aEspinàs, Josep Maria _92 |
|
| 245 | 1 | 2 |
_a"A la vora de--" L'Avui _cJosep M. Espinàs |
| 260 |
_aBarcelona _c1977 _bNova Terra |
||
| 300 |
_a161 p ; _c18 cm |
||
| 490 | 0 |
_aNoves Actituts _v21 |
|
| 650 | 0 | 4 |
_aPeriodistes catalans _vRecull d'escrits _93727 |
| 942 |
_cMON _2udc |
||
| 999 |
_c2 _d2 |
||